Malayalam plantations: An era of planting in South India (Record no. 44763)

MARC details
000 -LEADER
fixed length control field 00287nam a2200109Ia 4500
082 ## - DEWEY DECIMAL CLASSIFICATION NUMBER
Classification number NR:332.21
Item number GAN
100 ## - MAIN ENTRY--AUTHOR NAME
Personal name Ganapathy, Comp.
245 #0 - TITLE STATEMENT
Title Malayalam plantations: An era of planting in South India
260 ## - PUBLICATION, DISTRIBUTION, ETC. (IMPRINT)
Place of publication Cochin
942 ## - ADDED ENTRY ELEMENTS (KOHA)
Koha item type Books
Holdings
Withdrawn status Lost status Damaged status Not for loan Home library Current library Date acquired Source of acquisition Full call number Accession Number Koha item type
        RRII Library RRII Library 16/12/2021 Gift NR:332.21 GAN G01506 Books